Normal view MARC view
  • Schutzer, Daniel,

Entry Personal Name

Number of records used in: 1

001 - CONTROL NUMBER

  • control field: 99357

003 - CONTROL NUMBER IDENTIFIER

  • control field: NUST

005 - DATE AND TIME OF LATEST TRANSACTION

  • control field: 20221006155123.0

008 - FIXED-LENGTH DATA ELEMENTS

  • fixed length control field: 221006|| aca||aabn | a|a d

040 ## - CATALOGING SOURCE

  • Original cataloging agency: NUST
  • Transcribing agency: NUST

100 ## - HEADING--PERSONAL NAME

  • Personal name: Schutzer, Daniel,
  • Dates associated with a name: 1940-

670 ## - SOURCE DATA FOUND

  • Source citation: Work cat.: (NUST)175895: Ricci, Fred J., 99352, U.S. military communications :, c1986.
© 2023 Central Library, National University of Sciences and Technology. All Rights Reserved.